Estrategia de desarrollo y reforma agraria: la opción hondureña /

Salvato in:
Dettagli Bibliografici
Autore principale: Santos de Morais, Clodomir
Enti autori: Honduras. Gobierno, PROCCARA INA
Altri autori: Pereira, Francisco José Ponce Cámbar, Mario J.
Natura: testo
Pubblicazione: Tegucigalpa: PROCCARA
Tags: Aggiungi Tag
Nessun Tag, puoi essere il primo ad aggiungerne!!

MARC

LEADER 00000 a a2200000 04500
001 22570
003
040
090 |a 154600  
100 |a Santos de Morais, Clodomir  
110 |a Honduras. Gobierno  
245 |a Estrategia de desarrollo y reforma agraria: la opción hondureña /  |c Honduras. Gobierno  
260 |a Tegucigalpa:   |b PROCCARA  
300 |a 129 p.; n. 7  
700 |a Pereira, Francisco José   |a Ponce Cámbar, Mario J.  
710 |a PROCCARA   |a INA  
999 |c 9819  |d 9819